000 00323nam a22001337a 4500
008 181102b xxu||||| |||| 00| 0 eng d
020 _a9780495601678
041 _aeng
080 _28TH
_a316
100 _a50
101 _aSOC
245 _aDirect Social Work Practice Theory And Skills
_cDean.H.H
942 _2udc
_cBK
999 _c51715
_d51715